logo

Bir Sreshtho Munshi Abdur Rouf Library
Jhenaidah Cadet College

How To Decorate Model Homes and Apartments / (Record no. 10286)

MARC details
000 -LEADER
fixed length control field 00579nam a22002177a 4500
003 - CONTROL NUMBER IDENTIFIER
JCCL marc code BD-JhCC
005 - DATE AND TIME OF LATEST TRANSACTION
control field 20180423120830.0
008 - FIXED-LENGTH DATA ELEMENTS--GENERAL INFORMATION
fixed length control field 180423b xxu||||| |||| 00| 0 eng d
035 ## - SYSTEM CONTROL NUMBER
system control number (BD-JhCC)
040 ## - CATALOGING SOURCE
Original cataloging agency BD-JhCC
Modifying agency BD-JhCC
041 ## - LANGUAGE CODE
Language code of Book eng
082 ## - DEWEY DECIMAL CLASSIFICATION NUMBER
Classification number 747.88
Author mark and Year EIC 1974
100 ## - MAIN ENTRY--PERSONAL NAME
Personal name Eichen, Carole
245 ## - TITLE STATEMENT
Title How To Decorate Model Homes and Apartments /
Statement of responsibility, etc Carole Eichen
260 ## - PUBLICATION, DISTRIBUTION, ETC. (IMPRINT)
Place of publication, distribution, etc New York :
Name of publisher, distributor, etc House & Home Press,
Date of publication, distribution, etc 1974.
300 ## - PHYSICAL DESCRIPTION
Pagination 155 p. :
Other physical details ills;
Dimensions 26 cm.
650 ## - SUBJECT ADDED ENTRY--TOPICAL TERM
Topical term or geographic name as entry element Model Apartments
651 ## - SUBJECT ADDED ENTRY--GEOGRAPHIC NAME
Geographic name Model House
942 ## - ADDED ENTRY ELEMENTS (KOHA)
Source of classification or shelving scheme Dewey Decimal Classification
Koha item type Reference
Holdings
Source of classification or shelving scheme Damaged status Not for loan Home library Current library Shelving location Date of accession Total Checkouts Full call number Barcode Date last seen Copy number Method of acquisition Koha item type Currency
Dewey Decimal Classification     JCC Rouf Library JCC Rouf Library General Stacks 06/01/2023   747.88 EIC 1974 13467 11/01/2023 C-1 Purchase Reference USD

JCC Library | Contacts | JCC Home

Last Update on 23 September 2017
Copyright @ 2017-2020 JCC Rouf Library
Rouf Library, Jhenidah Cadet College (JCC), Bangladesh